MARC details
| 000 -CABECERA |
| campo de control de longitud fija |
04995nam a2200541 a 4500 |
| 001 - NÚMERO DE CONTROL |
| campo de control |
000115932 |
| 003 - IDENTIFICADOR DEL NÚMERO DE CONTROL |
| campo de control |
CHAP |
| 005 - FECHA Y HORA DE LA ÚLTIMA TRANSACCIÓN |
| campo de control |
20240620112743.0 |
| 007 - CAMPO FIJO DE DESCRIPCIÓN FÍSICA--INFORMACIÓN GENERAL |
| campo de control de longitud fija |
ta |
| 008 - DATOS DE LONGITUD FIJA--INFORMACIÓN GENERAL |
| campo de control de longitud fija |
190819s2019 mx aod frm |||1|||spa d |
| 010 ## - NÚMERO DE CONTROL DE LA BIBLIOTECA DEL CONGRESO |
| Número de control de LC |
112393 |
| 011 ## - ENLACE DEL NUMERO DE CONTROL DE LA BIBLIOTECA DEL CONGRESO [OBSOLETO] |
| Número de control de LC |
113365 |
| 040 ## - FUENTE DE LA CATALOGACIÓN |
| Centro/agencia transcriptor |
CHAP |
| Centro catalogador/agencia de origen |
mxchpua |
| Normas de descripción |
rda |
| 041 0# - CÓDIGO DE LENGUA |
| Código de lengua del texto/banda sonora o título independiente |
spa |
| Código de lengua del sumario o resumen |
eng |
| 090 ## - LOCALMENTE ASIGNADO TIPO-LC NÚMERO DE CLASIFICACIÓN (OCLC); NÚMERO DE CLASIFICACIÓN LOCAL (RLIN) |
| Número de clasificación (OCLC) (R) ; Numero de clasificación, CALL (RLIN) (NR) |
Tesis |
| Número cutter local (OCLC) ; Número de libro/Signatura topográfica íntegra, CALL (RLIN) |
A74 |
| año |
2019 |
| 100 1# - ENTRADA PRINCIPAL--NOMBRE DE PERSONA |
| Nombre de persona |
Arenales Sierra, Irene Margarita |
| 240 10 - TÍTULO UNIFORME |
| Título uniforme |
Internal pH control of microcapsules for the protection of probiotics under simulated gastrointestinal conditions. |
| Lenguaje de la obra |
Español |
| 245 10 - MENCIÓN DE TÍTULO |
| Título |
Control de pH interno de microcápsulas para la protección de probióticos ante condiciones gastrointestinales simuladas / |
| Mención de responsabilidad, etc. |
Irene Margarita Arenales Sierra |
| 264 ## - PRODUCCIÓN, PUBLICACIÓN, DISTRIBUCIÓN, FABRICACIÓN Y COPYRIGHT |
| Producción, publicación, distribución, fabricación y copyright |
Chapingo, México : |
| Nombre del de productor, editor, distribuidor, fabricante |
El autor, |
| Fecha de producción, publicación, distribución, fabricación o copyright |
2019 |
| 300 ## - DESCRIPCIÓN FÍSICA |
| Extensión |
xi, 69 hojas : |
| Otras características físicas |
ilustraciones, gráficas, fotografías + |
| Material acompañante/anejo |
1 CD-ROM |
| 336 ## - TIPO DE CONTENIDO |
| Fuente |
rdacontent |
| Término de tipo de contenido |
texto |
| Código de tipo de contenido |
txt |
| 337 ## - TIPO DE MEDIO |
| Fuente |
rdamedia |
| Nombre/término del tipo de medio |
no mediado |
| Código del tipo de medio |
n |
| 338 ## - TIPO DE SOPORTE |
| Fuente |
rdacarrier |
| Nombre/término del tipo de soporte |
volumen |
| Código del tipo de soporte |
nc |
| 502 ## - NOTA DE TESIS |
| Nota de tesis |
Tesis |
| Tipo de título |
(Doctor en Ciencias Agroalimentarias) -- |
| Nombre de la institución que otorga el título |
UACh. Departamento de Ingeniería Agroindustrial, |
| Año de obtención del título |
2019 |
| 504 ## - NOTA DE BIBLIOGRAFÍA, ETC. |
| Nota de bibliografía, etc. |
Incluye bibliografías |
| 520 3# - SUMARIO, ETC. |
| Sumario, etc. |
La encapsulación es uno de los métodos más recurrentes para la protección de agentes bioactivos, la función principal de la encapsulación es aislar los agentes bioactivos y protegerlos del oxígeno, humedad, luz, digestión gástrica y pH, para promover la liberación controlada, sin embargo, la encapsulación presenta una desventaja importante que es la porosidad de los biopolímeros que forman parte de la pared de la cápsula, por lo que permite el intercambio de iones, por lo cual condiciones como el pH se pueden modificar y con ello disminuir la viabilidad de los bioactivos. Con el objeto de mantener el pH neutro al interior de microcápsulas de alginato con L. casei entrampado, después de ser sometidas a condiciones gástricas simuladas, en la presente investigación se adicionaron diferentes concentraciones de Mg(OH)2, como base para ejercer un efecto buffer. El análisis FTIR indicó que las altas concentraciones de Mg(OH)2 inducían el despliegue de proteínas celulares que ponían en riesgo la viabilidad de los probióticos. Esto último sugiere que si bien el Mg(OH)2 es capaz de aumentar el pH dentro de las capsulas con respecto al pH del ambiente externo, se debe determinar una concentración adecuada donde se reduce o dificulta el desarrollo de la proteína. El análisis de viabilidad de L. casei mostró que una concentración de alrededor de 0.1 g de Mg(OH)2 g-1 de alginato maximizaba el recuento celular en condiciones gástricas simuladas. |
| 520 3# - SUMARIO, ETC. |
| Sumario, etc. |
Encapsulation is one of the most recurrent methods for the protection of bioactive agents, the main function of the encapsulation is to isolate bioactive agents and protect them from oxygen, moisture, light, gastric digestion and pH, to promote controlled release, however, the encapsulation presents an important disadvantage that is the porosity of the biopolymers that are part of the capsule wall, by what allows the ion exchange, for which conditions like the pH can be modified and with this decrease the viability of the bioactive In order to maintain the neutral pH inside microcapsules of alginate with trapped L. casei, after being subjected to simulated gastric conditions, in the present investigation different concentrations of Mg(OH)2 were added, as a base to exert an effect buffer. The FTIR analysis indicated that high concentrations of Mg(OH)2 induced the deployment of cellular proteins that put at risk the viability of probiotics. The latter suggests that although Mg(OH)2 is able to increase the pH inside the capsules with respect to the pH of the external environment, an adequate concentration should be determined where the protein development is reduced or hindered. The viability analysis of L. casei showed that a concentration of about 0.1 g of Mg(OH)2 g-1 alginate maximized the cell count under simulated gastric conditions. |
| 650 13 - PUNTO DE ACCESO ADICIONAL DE MATERIA--TÉRMINO DE MATERIA |
| Término de materia o nombre geográfico como elemento de entrada |
Compuestos bioactivos alimenticios |
| Fuente del encabezamiento o término |
atg |
| 650 14 - PUNTO DE ACCESO ADICIONAL DE MATERIA--TÉRMINO DE MATERIA |
| Término de materia o nombre geográfico como elemento de entrada |
Ph |
| Subdivisión general |
Resistencia del gel |
| Fuente del encabezamiento o término |
atg |
| 650 14 - PUNTO DE ACCESO ADICIONAL DE MATERIA--TÉRMINO DE MATERIA |
| Término de materia o nombre geográfico como elemento de entrada |
Probióticos |
| Subdivisión general |
Microencapsulación |
| Fuente del encabezamiento o término |
atg |
| 650 13 - PUNTO DE ACCESO ADICIONAL DE MATERIA--TÉRMINO DE MATERIA |
| Término de materia o nombre geográfico como elemento de entrada |
Lactobacillus casei |
| Subdivisión general |
Encapsulado |
| Fuente del encabezamiento o término |
atg |
| 650 10 - PUNTO DE ACCESO ADICIONAL DE MATERIA--TÉRMINO DE MATERIA |
| Término de materia o nombre geográfico como elemento de entrada |
Geles de alginato |
| Fuente del encabezamiento o término |
atg |
| 650 13 - PUNTO DE ACCESO ADICIONAL DE MATERIA--TÉRMINO DE MATERIA |
| Término de materia o nombre geográfico como elemento de entrada |
Hidróxido de magnesio |
| Subdivisión general |
Encapsulado |
| Fuente del encabezamiento o término |
atg |
| 650 13 - PUNTO DE ACCESO ADICIONAL DE MATERIA--TÉRMINO DE MATERIA |
| Término de materia o nombre geográfico como elemento de entrada |
Bioactive food compounds |
| Fuente del encabezamiento o término |
atg |
| 650 13 - PUNTO DE ACCESO ADICIONAL DE MATERIA--TÉRMINO DE MATERIA |
| Término de materia o nombre geográfico como elemento de entrada |
Probiotics |
| Subdivisión general |
Microencapsulation |
| Fuente del encabezamiento o término |
atg |
| 650 13 - PUNTO DE ACCESO ADICIONAL DE MATERIA--TÉRMINO DE MATERIA |
| Término de materia o nombre geográfico como elemento de entrada |
Lactobacillus casei |
| Subdivisión general |
Encapsulation |
| Fuente del encabezamiento o término |
atg |
| 650 13 - PUNTO DE ACCESO ADICIONAL DE MATERIA--TÉRMINO DE MATERIA |
| Término de materia o nombre geográfico como elemento de entrada |
Alginate gels |
| Fuente del encabezamiento o término |
atg |
| 650 13 - PUNTO DE ACCESO ADICIONAL DE MATERIA--TÉRMINO DE MATERIA |
| Término de materia o nombre geográfico como elemento de entrada |
pH |
| Subdivisión general |
Gel strength |
| Fuente del encabezamiento o término |
atg |
| 650 13 - PUNTO DE ACCESO ADICIONAL DE MATERIA--TÉRMINO DE MATERIA |
| Término de materia o nombre geográfico como elemento de entrada |
Magnesium hydroxide |
| Subdivisión general |
Encapsulation |
| Fuente del encabezamiento o término |
atg |
| 700 1# - PUNTO DE ACCESO ADICIONAL--NOMBRE DE PERSONA |
| Nombre de persona |
Lobato Calleros, Consuelo Silvia Olivia |
| Término indicativo de función/relación |
directora |
| 700 1# - PUNTO DE ACCESO ADICIONAL--NOMBRE DE PERSONA |
| Nombre de persona |
Espinosa Andrews, Hugo |
| Término indicativo de función/relación |
asesor |
| 700 1# - PUNTO DE ACCESO ADICIONAL--NOMBRE DE PERSONA |
| Nombre de persona |
Hernández Rodríguez, Landy |
| Término indicativo de función/relación |
asesora |
| 856 41 - LOCALIZACIÓN Y ACCESO ELECTRÓNICOS |
| Identificador Uniforme del Recurso |
<a href="http://10.13.5.2/tesis/sist115932.pdf">http://10.13.5.2/tesis/sist115932.pdf</a> |
| Texto de enlace |
DESCARGAR PDF |
| 901 ## - ELEMENTOS DE DATOS A LOCAL LDA (RLIN) |
| a |
Tesis A74 2019 |
| 942 ## - ELEMENTOS DE PUNTO DE ACCESO ADICIONAL (KOHA) |
| Tipo de ítem Koha |
TESIS |
| Fuente del sistema de clasificación o colocación |
Clasificación Universidad Autónoma Chapingo |
| 590 ## - NOTA LOCAL (RLIN) |
| Nota local |
E6339RRR |
| Procedencia (VM) [OBSOLETO] |
05 |
| Condición del los carretes individuales (VM) [OBSOLETO] |
20190819 |
| 590 ## - NOTA LOCAL (RLIN) |
| Nota local |
E6339RRR |
| Procedencia (VM) [OBSOLETO] |
05 |
| Condición del los carretes individuales (VM) [OBSOLETO] |
20190819 |